<?xml version="1.0" encoding="UTF-8"?>
<record
    xmlns:xsi="http://www.w3.org/2001/XMLSchema-instance"
    xsi:schemaLocation="http://www.loc.gov/MARC21/slim http://www.loc.gov/standards/marcxml/schema/MARC21slim.xsd"
    xmlns="http://www.loc.gov/MARC21/slim">

  <leader>02237nam a2200313 i 4500</leader>
  <controlfield tag="001">000022406</controlfield>
  <controlfield tag="003">DO-SdBNP</controlfield>
  <controlfield tag="005">20250605095032.0</controlfield>
  <controlfield tag="007">ta</controlfield>
  <controlfield tag="008">250605s1993    dr ac         001 0 spa d</controlfield>
  <datafield tag="020" ind1=" " ind2=" ">
    <subfield code="a">9993490903</subfield>
  </datafield>
  <datafield tag="040" ind1=" " ind2=" ">
    <subfield code="a">DO-SdBNP</subfield>
    <subfield code="b">spa</subfield>
    <subfield code="c">BNPHU</subfield>
    <subfield code="e">rda</subfield>
  </datafield>
  <datafield tag="041" ind1=" " ind2=" ">
    <subfield code="h">sp</subfield>
  </datafield>
  <datafield tag="082" ind1=" " ind2="4">
    <subfield code="a">xxx</subfield>
    <subfield code="b">S714v</subfield>
    <subfield code="2">21</subfield>
  </datafield>
  <datafield tag="100" ind1=" " ind2=" ">
    <subfield code="a">Soriano Guzm&#xE1;n, Genaro</subfield>
    <subfield code="e">autor</subfield>
    <subfield code="9">87987</subfield>
  </datafield>
  <datafield tag="111" ind1="2" ind2=" ">
    <subfield code="a">Seminario sobre la Revoluci&#xF3;n de 1965.</subfield>
    <subfield code="d">(22-24 de mayo de 2002 :</subfield>
    <subfield code="c">Santo Domingo, Rep&#xFA;blica Dominicana)</subfield>
    <subfield code="9">6986</subfield>
  </datafield>
  <datafield tag="245" ind1="1" ind2="0">
    <subfield code="a">vivencias de un Presidente /</subfield>
    <subfield code="c">Genao Soriano Guzm&#xE1;n</subfield>
  </datafield>
  <datafield tag="250" ind1=" " ind2=" ">
    <subfield code="a">Primera edici&#xF3;n</subfield>
  </datafield>
  <datafield tag="264" ind1=" " ind2="2">
    <subfield code="a">Santo Domingo :</subfield>
    <subfield code="b">CENAPEC ,</subfield>
    <subfield code="c">1993</subfield>
  </datafield>
  <datafield tag="300" ind1=" " ind2=" ">
    <subfield code="a">123, 27 p&#xE1;ginas sin numerar : </subfield>
    <subfield code="b">ilustraciones ;</subfield>
    <subfield code="c">22 cm.</subfield>
  </datafield>
  <datafield tag="336" ind1=" " ind2=" ">
    <subfield code="a">texto</subfield>
    <subfield code="b">txt</subfield>
    <subfield code="2">rdacontent</subfield>
  </datafield>
  <datafield tag="337" ind1=" " ind2=" ">
    <subfield code="a">sin mediaci&#xF3;n</subfield>
    <subfield code="b">n</subfield>
    <subfield code="2">rdamedia</subfield>
  </datafield>
  <datafield tag="338" ind1=" " ind2=" ">
    <subfield code="a">volumen</subfield>
    <subfield code="b">nc</subfield>
    <subfield code="2">rdacarrier</subfield>
  </datafield>
  <datafield tag="505" ind1="2" ind2=" ">
    <subfield code="t">Hoja de vida 21 -- Dedicatoria 23 -- Agradecimientos 25 -- Menciones especiales a los medios de comunicaci&#xF3;n: TV, Radio y Prensa 27 -- Reconocimientos 29 -- In memoriam 31 -- Pensamientos penetrantes 33 -- Proleg&#xF3;meno 35 -- Mi llegada a este planeta 37 -- Mi mocedad 38 -- Criterio de mi padre sobre mi profesi&#xF3;n a escoger 40 -- Mi adultez 41 -- La plantaci&#xF3;n Escoto 49 -- Cap&#xED;tulo 1 61 -- Cap&#xED;tulo 2 81 -- Cap&#xED;tulo 3 93 -- Cap&#xED;tulo 4 101 -- Cap&#xED;tulo 5 105 -- Cap&#xED;tulo 6 109 -- Cap&#xED;tulo 7 111 -- Cap&#xED;tulo 8 113 -- Cap&#xED;tulo 9 115 -- Cap&#xED;tulo 10 119 -- Cap&#xED;tulo 11 121 -- Cap&#xED;tulo 12 123 -- Cap&#xED;tulo 13 139 -- Cap&#xED;tulo 14 145 -- Cap&#xED;tulo 15 149 -- Cap&#xED;tulo 16 151 -- Cap&#xED;tulo 17 153 -- Cap&#xED;tulo 18 155 -- Cap&#xED;tulo 19 165 -- Cap&#xED;tulo 20 167 -- Cap&#xED;tulo 21 171 -- Cap&#xED;tulo 22 175 -- Cap&#xED;tulo 23 179 -- Cap&#xED;tulo 24 181 -- Cap&#xED;tulo 25 191 -- Cap&#xED;tulo 26 193 -- Cap&#xED;tulo 27 195 -- Cap&#xED;tulo 28 199 -- Cap&#xED;tulo 29 205 -- Cap&#xED;tulo 30 209 -- Cap&#xED;tulo 31 211 -- Cap&#xED;tulo 32 213 -- Cap&#xED;tulo 33 215 -- Cap&#xED;tulo 34 221 -- Cap&#xED;tulo 35 225 -- Cap&#xED;tulo 36 227 -- Cap&#xED;tulo 37 229 -- Cap&#xED;tulo 38 231 -- Cap&#xED;tulo 39 233 -- Cap&#xED;tulo 40 237 -- Ep&#xED;logo 653 -- Anexos 665</subfield>
  </datafield>
  <datafield tag="590" ind1=" " ind2=" ">
    <subfield code="a">Inventariado, 2025/DG</subfield>
  </datafield>
  <datafield tag="650" ind1=" " ind2="4">
    <subfield code="a">Rep&#xFA;blica dominicana</subfield>
    <subfield code="x">Historia</subfield>
    <subfield code="y">Revoluci&#xF3;n, 1965</subfield>
    <subfield code="v">Congresos, conferencias, etc.</subfield>
    <subfield code="9">46201</subfield>
  </datafield>
  <datafield tag="910" ind1=" " ind2=" ">
    <subfield code="a">DG</subfield>
  </datafield>
  <datafield tag="942" ind1=" " ind2=" ">
    <subfield code="2">ddc</subfield>
    <subfield code="c">LBS1</subfield>
  </datafield>
  <datafield tag="952" ind1=" " ind2=" ">
    <subfield code="0">0</subfield>
    <subfield code="1">0</subfield>
    <subfield code="2">ddc</subfield>
    <subfield code="5">1</subfield>
    <subfield code="7">0</subfield>
    <subfield code="8">PD</subfield>
    <subfield code="a">BNPHU</subfield>
    <subfield code="b">BNPHU</subfield>
    <subfield code="c">CT</subfield>
    <subfield code="d">2025-06-05</subfield>
    <subfield code="e">donaci&#xF3;n</subfield>
    <subfield code="l">0</subfield>
    <subfield code="o">BNPHU PD S714v</subfield>
    <subfield code="p">2025-4908</subfield>
    <subfield code="r">2025-06-05</subfield>
    <subfield code="w">2025-06-05</subfield>
    <subfield code="y">LBS1</subfield>
  </datafield>
  <datafield tag="999" ind1=" " ind2=" ">
    <subfield code="c">59147</subfield>
    <subfield code="d">59147</subfield>
  </datafield>
</record>
